000 00761nam a2200193 a 4500
001 000037291
005 20200930080253.0
008 120321s1985 sp 000 0 spa d
020 _a8400061004
040 _aDO-SdBNP
_bspa
_cBNPHU
082 _axxxx
_bxxx
100 1 _aFernández Izquierdo, Francisco
_963729
245 1 3 _aLa encomienda calatrava de Vállaga, siglos XV-XVIII. Su explotación económica y la administración de sus rentas /
_cFrancisco Fernández Izquierdo.
260 _aMadrid, :
_bConsejo Superior de Investigaciones Científicas,
_c1985.
300 _a157 p. ;
_c24 cm.
490 1 _aMonografías de historia moderna
_v2
500 _aIncluye referencias y notas al pie de página
830 0 _aMonografías de historia moderna
_v2
_963730
999 _c36781
_d36781